Hichap rakshan paddhoti : (Record no. 6058)

MARC details
000 -LEADER
fixed length control field 00510cam a2200181ua 4500
008 - FIXED-LENGTH DATA ELEMENTS--GENERAL INFORMATION
fixed length control field 140307n ii |||gr||||Z||||||asm
040 ## - CATALOGING SOURCE
Transcribing agency MAIN
082 ## - DEWEY DECIMAL CLASSIFICATION NUMBER
Classification number 657.2
245 ## - TITLE STATEMENT
Title Hichap rakshan paddhoti :
Remainder of title tattwa aru prayog /
Statement of responsibility, etc. By Pradip borah .
250 ## - EDITION STATEMENT
Edition statement 1st ed /
Remainder of edition statement Vol II .
260 ## - PUBLICATION, DISTRIBUTION, ETC.
Place of publication, distribution, etc. Guwahati:
Name of publisher, distributor, etc. Council for higher secondary education,
Date of publication, distribution, etc. 1989.
300 ## - PHYSICAL DESCRIPTION
Extent x,348p.
700 ## - ADDED ENTRY--PERSONAL NAME
Personal name Borah,Pradip,
Relator term
942 ## - ADDED ENTRY ELEMENTS (KOHA)
Koha item type Books
653 ## - INDEX TERM--UNCONTROLLED
Uncontrolled term Accounting
653 ## - INDEX TERM--UNCONTROLLED
Uncontrolled term Hichap rakshan paddhoti
Holdings
Withdrawn status Lost status Damaged status Not for loan Home library Current library Shelving location Date acquired Total Checkouts Full call number Barcode Date last seen Copy number Price effective from Koha item type
        Central Library, Naharkatiya College Central Library, Naharkatiya College General Stacks 19/09/2020   657.2 | BOR 13217 19/09/2020 1 19/09/2020 Books
        Central Library, Naharkatiya College Central Library, Naharkatiya College General Stacks 19/09/2020   657.2 | BOR 13218 19/09/2020 2 19/09/2020 Books
        Central Library, Naharkatiya College Central Library, Naharkatiya College General Stacks 19/09/2020   657.2 | BOR 13219 19/09/2020 5 19/09/2020 Books
        Central Library, Naharkatiya College Central Library, Naharkatiya College General Stacks 19/09/2020   657.2 | BOR 13220 19/09/2020 4 19/09/2020 Books
        Central Library, Naharkatiya College Central Library, Naharkatiya College General Stacks 19/09/2020   657.2 | BOR 13221 19/09/2020 3 19/09/2020 Books
        Central Library, Naharkatiya College Central Library, Naharkatiya College General Stacks 19/09/2020   657.2 | BOR 13223 19/09/2020 6 19/09/2020 Books

Naharkatiya College © 2020. All rights reserved.

Powered By